Cizí jednotky měrné soustavy - Statistics

General Stats
  • This quiz has been taken 30 times
  • The average score is 6 of 19
Answer Stats
V jednotkách SI Název % Correct
2,54 cm palec
100%
30,5 cm stopa
92%
1,61 km míle
88%
4,55 l galon
67%
0,45 kg libra
54%
28,4 g unce
50%
91,4 cm yard
50%
5,68 dl pinta
33%
1,67 km/h 1 míle za hodinu
29%
-17.2 °C 1 stupeň Fahrenheita
21%
0,907 t / 1,02 t tuna
13%
1,59 hl barel
8%
6,35 kg kámen
4%
2523 m2 jitro
0%
0,25 mm kalibr
0%
4,83 km legua (pěší hodina)
0%
3,35 l máz
0%
2,84 cl tekutá unce
0%
61 l vědro
0%
No matching quizzes found
Score Distribution
Percent of People with Each Score
Percentile by Number Answered
Your Score History
You have not taken this quiz